000
00296nam a22001337a 4500
008
180924b xxu||||| |||| 00| 0 eng d
020
_a
068308271
041
_a
eng
080
_a
610
100
_a
3
101
_a
SHM
245
_a
Pulmonary Physiology in Medicine
_c
Tisi, G.M
942
_2
udc
_c
BK
999
_c
48416
_d
48416